000 00629cam a22002531 4500
001 sa 66000236
003 DLC
005 20260227112213.0
008 890804s1962 pk b 000 0 urdr
010 _asa 66000236
035 _a(OCoLC)20127746
040 _aDLC
_cWaU
_dDLC
042 _apremarc
050 0 0 _aBL625
_b.D3
100 1 _aDar, Bashir Ahmad.
245 1 0 _aTārik̲h̲-i taṣavvuf.
260 _c[1962]
300 _a222 p.
_c23 cm.
500 _aIn Urdu.
500 _aText partially vocalized.
504 _aBibliography: p. 221-222.
650 0 _aMysticism
_xHistory.
650 0 _aSufism
_xHistory.
999 _c67141
_d67141